[Event "Challenge"]
[Site "http://www.queenalice.com/game.php?id=536369"]
[Date "2009.2.7"]
[Round "-"]
[White "toldowisk"]
[Black "GIANTMOUNTAIN"]
[Result "1/2-1/2"]
[WhiteElo "2135"]
[BlackElo "1955"]

1. d4 d5 2. c4 c6 3. Nf3 Bg4 4. Qb3 dxc4 5. Qxb7 Nd7 6. Qxc6 Rc8 7. Qa4 Qb6 8.
e4 Bxf3 9. gxf3 Qxd4 10. Nc3 e5 11. Be3 Qd6 12. Rd1 Qe6 13. f4 Nf6 14. f5 Qc6
15. Qxc6 Rxc6 16. Be2 a6 17. O-O Bc5 18. Rc1 Bxe3 19. fxe3 Nb6 20. Rfd1 O-O 21.
Nd5 Kh8 22. Nxb6 Rxb6 23. Bxc4 Rxb2 24. Bxf7 Nxe4 25. Bd5 Nf2 26. Rf1 Ng4 27.
Rfe1 Nxh2 28. Rc6 a5 29. Rec1 h5 30. Rc8 Rxc8 31. Rxc8+ Kh7 32. Ra8 Ng4 33. Rxa5
Nxe3 34. Be4 Kh6 35. Rxe5 Rxa2 36. Bf3 Ng4 37. Bxg4 hxg4 38. Re6+ Kg5 39. Rg6+
Kxf5 40. Rxg7 Kf4 41. Rb7 Kg3 42. Rb1 Rg2+ 43. Kh1 Kh3 44. Rb3+ g3 45. Rb8 Rh2+
46. Kg1 Kg4 47. Rg8+ Kf3 48. Rf8+ Ke2 49. Rf7 Rh4 50. Kg2 Rg4 51. Rf3 Rg8 52.
Rf7 Ke3 53. Rf3+ Ke2 54. Rf7 Rg4 1/2-1/2

[Event "Challenge"]
[Site "http://www.queenalice.com/game.php?id=566015"]
[Date "2009.4.3"]
[Round "-"]
[White "matamuff"]
[Black "toldowisk"]
[Result "0-1"]
[WhiteElo "1782"]
[BlackElo "2135"]

1. Nf3 d5 2. e4 dxe4 3. Ng5 Bf5 4. Nc3 Nf6 5. Bc4 e6 6. O-O Be7 7. Re1 Nbd7 8.
Ngxe4 Nxe4 9. Nxe4 Nf6 10. Nxf6+ Bxf6 11. c3 O-O 12. d4 Qd7 13. Bf4 Rac8 14. g4
Bg6 15. g5 Be7 16. h4 c5 17. h5 Bf5 18. d5 b5 19. dxe6 Qxd1 20. exf7+ Kh8 21.
Raxd1 Bxg5 22. Bxg5 bxc4 0-1

[Event "Challenge"]
[Site "http://www.queenalice.com/game.php?id=570329"]
[Date "2009.4.11"]
[Round "-"]
[White "toldowisk"]
[Black "Sammy75"]
[Result "0-1"]
[WhiteElo "2136"]
[BlackElo "2040"]

1. e4 c5 2. Nf3 d6 3. d4 cxd4 4. Nxd4 Nf6 5. Nc3 g6 6. f4 Nc6 7. Nxc6 bxc6 8. e5
Nd7 9. exd6 exd6 10. Qe2+ Be7 11. Be3 O-O 12. O-O-O Nf6 13. h3 h5 14. Rg1 h4 15.
Qf2 Nh5 16. Be2 Ng3 17. Bf3 d5 18. Ne2 Nf5 19. Nd4 Qc7 20. Nxf5 Bxf5 21. g3 hxg3
22. Qxg3 Rfb8 23. h4 Bf6 24. Bd4 Bxd4 25. Rxd4 Qb6 0-1

[Event "Challenge"]
[Site "http://www.queenalice.com/game.php?id=788931"]
[Date "2010.6.12"]
[Round "-"]
[White "toldowisk"]
[Black "SuwarKa"]
[Result "1-0"]
[WhiteElo "2085"]
[BlackElo "1808"]

1. e4 e5 2. Nf3 Nc6 3. Bc4 Nf6 4. Ng5 d5 5. exd5 Na5 6. Bb5+ c6 7. dxc6 bxc6 8.
Be2 h6 9. Nf3 e4 10. Ne5 Bd6 11. f4 exf3 12. Nxf3 Qe7 13. O-O O-O 14. b3 Rd8 15.
Bb2 Bg4 16. Nc3 Bxf3 17. Bxf3 Be5 18. Re1 Qc5+ 19. Kh1 Bd4 20. Na4 Qd6 21. Bxd4
Qxd4 22. d3 Nb7 23. h3 1-0

[Event "Challenge"]
[Site "http://www.queenalice.com/game.php?id=838412"]
[Date "2010.9.26"]
[Round "-"]
[White "toldowisk"]
[Black "njnnjn"]
[Result "0-1"]
[WhiteElo "2091"]
[BlackElo "1833"]

1. d4 d5 2. Nf3 Bf5 3. c4 c6 4. Nc3 e6 5. Bg5 Be7 6. Bxe7 Nxe7 7. cxd5 cxd5 8.
Nh4 Nbc6 9. Nxf5 Nxf5 10. e3 O-O 11. a3 a6 12. Bd3 Qf6 13. O-O b5 14. b4 h6 15.
a4 bxa4 16. Rxa4 a5 17. bxa5 Rxa5 18. Qd2 Rxa4 19. Nxa4 Nh4 20. f3 e5 21. dxe5
Nxe5 22. Be2 Qg5 23. g4 Nc4 24. Bxc4 dxc4 25. h3 f5 26. Qe2 fxg4 27. fxg4 Rxf1+
28. Kxf1 Qf6+ 29. Qf2 Qa1+ 30. Qe1 Qxa4 31. Qxh4 Qd1+ 32. Qe1 Qxe1+ 33. Kxe1 Kf7
34. Kd2 Ke6 35. Kc3 Kd5 0-1

[Event "Invitation"]
[Site "http://www.queenalice.com/game.php?id=838598"]
[Date "2010.9.27"]
[Round "-"]
[White "toldowisk"]
[Black "Catao"]
[Result "1/2-1/2"]
[WhiteElo "2090"]
[BlackElo "2112"]

1. f4 d5 2. Nf3 Nf6 3. e3 Bg4 4. Be2 e6 5. O-O Bd6 6. b3 O-O 7. c4 c6 8. Nc3 Qc7
9. d4 Nbd7 10. Qc2 a6 11. Bd3 c5 12. Bb2 cxd4 13. Nxd4 Nc5 14. cxd5 Nxd3 15.
Qxd3 Nxd5 16. Nxd5 exd5 17. Rac1 Qd8 18. Nf5 Bxf5 19. Qxf5 Bc7 20. Rfd1 Bb6 21.
Qe5 Re8 22. Kh1 f6 1/2-1/2

[Event "Challenge"]
[Site "http://www.queenalice.com/game.php?id=841148"]
[Date "2010.10.3"]
[Round "-"]
[White "ZKTI"]
[Black "toldowisk"]
[Result "1-0"]
[WhiteElo "1100"]
[BlackElo "2090"]

1. d4 Nf6 2. Nf3 g6 3. Nc3 d5 4. Ne5 Nbd7 5. Bg5 Nxe5 6. dxe5 Ng4 7. f3 Nxe5 8.
Nb5 a6 9. Nd4 Bg7 10. c3 c5 11. Nc2 O-O 12. Ne3 d4 13. Ng4 Nxg4 14. fxg4 dxc3
15. bxc3 Bxc3+ 16. Kf2 Qb6 17. Rb1 c4+ 18. Rxb6 1-0